000
00219nam a22000857a 4500
008
170621b xxu||||| |||| 00| 0 eng d
100
_9
3598
_a
Goel. D, K
245
_a
Accountancy Class -XII
260
_a
New Delhi
_b
A. P. H
_c
2008
999
_c
6986
_d
6986